Pays dans l'Empire de TAMERLAN - Statistiques

Statistiques générales
  • Ce quiz a été pris 210 fois
  • Le résultat moyen est 15 sur 17
Statistiques - réponses
Pays Moderne % Correct
Iran
97%
Turquie
96%
Irak
95%
Pakistan
95%
Ouzbékistan
94%
Inde
93%
Russie
91%
Afghanistan
90%
Turkménistan
90%
Syrie
88%
Tadjikistan
88%
Kazakhstan
87%
Chine
86%
Azerbaïdjan
82%
Arabie Saoudite
78%
Kirghizistan
76%
Koweït
68%
Aucun quiz correspondant
Distribution des résultats
% des personnes avec chaque résultat
Percentile par nombre de réponses
Votre historique - résultats
Vous n’avez pas pris ce quiz